Japanese stocks : A basic guide for the intelligent investor
محفوظ في:
| المؤلف الرئيسي: | |
|---|---|
| التنسيق: | كتاب |
| اللغة: | Undetermined |
| منشور في: |
New York
Kodansha International
1989
|
| الموضوعات: | |
| الوسوم: |
إضافة وسم
لا توجد وسوم, كن أول من يضع وسما على هذه التسجيلة!
|
| Thư viện lưu trữ: | Trung tâm Học liệu Trường Đại học Cần Thơ |
|---|
| LEADER | 00564nam a2200205Ia 4500 | ||
|---|---|---|---|
| 001 | CTU_79922 | ||
| 008 | 210402s9999 xx 000 0 und d | ||
| 082 | |a 332.63 | ||
| 082 | |b M434 | ||
| 100 | |a Matsumoto, Toru | ||
| 245 | 0 | |a Japanese stocks : | |
| 245 | 2 | |b A basic guide for the intelligent investor | |
| 245 | 0 | |c Toru Matsumoto | |
| 260 | |a New York | ||
| 260 | |b Kodansha International | ||
| 260 | |c 1989 | ||
| 650 | |a Investment analysis,Stocks | ||
| 650 | |z Japan | ||
| 904 | |i Trọng Hải | ||
| 980 | |a Trung tâm Học liệu Trường Đại học Cần Thơ | ||